LEADER 01108nam a2200265 i 4500 001 000000221100 003 CaOOAMICUS 005 20130618000000.0 008 130618s2005 it u000 u ita u 013 $a199997 020 $a88-215-5314-0 040 $aSeMil$bita 100 1 $aRoquebert, Michel.$0(OLS)http://semarc/name/49226 245 10$aSan Domenico :$bcontro la leggenda nera /$cMichel Roquebert. 260 $aCinisello Balsamo :$bSan Paolo,$c2005. 300 $a330 p., [4] c. di tav. :$bill. ;$c23 cm. 490 0 $aTempi e figure ;$v45 600 04$aDomenico : di Guzmán .$0(OLS)http://semarc/subject/3710 830 0$aTempi e figure ;$v45.$0(OLS)http://semarc/title/551 850 $aSeMil 852 $aSeMil$W1$xVenegono$y1$m3H III 438$j171451$B171451$CSeMilBibl$Z2$F182149 $81 961 $aLascito: Schieppati don Giorgio 996 $6020$a88-215-5314-0$9(OLS)http://semarc/number/219949 996 $6245$aSan Domenico :$bcontro la leggenda nera$9(OLS)http://semarc/title/316971 996 $6260$aCinisello Balsamo :$bSan Paolo$9(OLS)http://semarc/publisher/30129 LEADER 00839nam a2200229 i 4500 001 000000086893 003 CaOOAMICUS 005 20020618000000.0 008 020618s1991 xx u000 u und u 013 $a59133 020 $a88-17-11548-7 040 $aSeMil$bita 100 1 $aSgarbi, Vittorio,$d<1952- >.$0(OLS)http://semarc/name/39871 245 10$aDavanti all'immagine /$cdi Vittorio Sgarbi. 260 $aMilano :$bRizzoli,$c1991. 300 $a325 p. 650 4$aArte - Critica.$0(OLS)http://semarc/subject/10402 850 $aSeMil 852 $aSeMil$W1$xVenegono$y1$m78 11 48 *$j50510$B50510$CSeMilBibl$Z2$F54492 $81 996 $6020$a88-17-11548-7$9(OLS)http://semarc/number/67055 996 $6245$aDavanti all'immagine$9(OLS)http://semarc/title/133087 996 $6260$aMilano :$bRizzoli$9(OLS)http://semarc/publisher/29824